000 00790cam a2200277 i 4500
001 25058
003 Mx-PuUPA
005 20241016104317.0
008 140415s2019 mx a gr 000 0 spa d
020 _a9786079391645
040 _aMx-PuUPA
_bspa
_cMx-PuUPA
_dMx-PuUPA
_erda
041 _aspa
100 1 _a
245 1 0 _aCódigo de comercio :
_b
264 1 _aCiudad de México :
_bGallardo Ediciones,
_c2019
300 _a461 páginas :
_bilustraciones ;
_c24 cm
336 _2rdacontent
_atexto
_btxt
337 _2rdamedia
_asin medio
_bn
338 _2rdacarrier
_avolumen
_bnc
502 _a
650 7 _2armarc
_a
_x
942 _2ddc
_cLI
_hxx
_ixx
_n
999 _c25058
_d25058